Statistics for Letterboxd's Top 100 Animated Movies (2024)

Click here to take the quiz!

General Stats

  • This quiz has been taken 152 times
    (36 since last reset)
  • The average score is 23 of 100

Answer Stats

#DirectorMovie% Correct
2Hayao MiyazakiSpirited Away
90%
39John LasseterToy Story
87%
58Brad BirdThe Incredibles
77%
80Lee UnkrichToy Story 3
77%
10Wes AndersonFantastic Mr. Fox
71%
7Hayao MiyazakiPrincess Mononoke
71%
23Andrew StantonWall-E
71%
8Hayao MiyazakiHowl's Moving Castle
68%
59Andrew Adamson
Vicky Jenson
Shrek
68%
21Brad BirdRatatouille
65%
4Rodney Rothman
Peter Ramsey
Bob Persichetti
Spider-Man Into the Spider-Verse
65%
1Joaquim Dos Santos
Justin K. Thompson
Kemp Powers
Spiderman Across the Spider-Verse
58%
17Roger Allers
Rob Minkoff
The Lion King
58%
72Andrew Adamson
Kelly Asbury
Shrek 2
55%
51Pete DocterUp
55%
3Isao TakahataGrave of the Fireflies
52%
91Wes AndersonIsle of Dogs
52%
18Makoto ShinkaiYour Name
52%
99Pete DocterSoul
48%
93Hayao MiyazakiThe Boy and the Heron
48%
63Hayao MiyazakiCastle in the Sky
45%
43Lee UnkrichCoco
45%
65Andrew StantonFinding Nemo
45%
77Chris Sanders
Dean DeBlois
How to Train Your Dragon
45%
41Hayao MiyazakiKiki's Delivery Service
45%
62Hayao MiyazakiPonyo
45%
12Brad BirdThe Iron Giant
45%
38Henry SelickCoraline
42%
57Pete DocterMonsters Inc
42%
5Satoshi KonPerfect Blue
39%
9Katsuhiro OtomoAkira
35%
11Hideaki AnnoEvangelion, 3.0+1.0 Thrice Upon a Time
35%
56Satoshi KonPaprika
35%
26Hayao MiyazakiMy Neighbour Totoro
32%
55Hayao MiyazakiThe Wind Rises
29%
20Satoshi KonTokyo Godfathers
29%
16Satoshi KonMillennium Actress
26%
29Vincent Paronnaud
Marjane Satrapi
Persepolis
26%
98Henry SelickThe Nightmare Before Christmas
26%
85Hayao MiyazakiPorco Rosso
23%
32Naoko YamadaA Silent Voice
19%
54Mamoru OshiiGhost in the Shell
19%
53Tony Bancroft
Barry Cook
Mulan
19%
13Isao TakahataThe Tale of Princess Kaguya
19%
36Hayao MiyazakiNausicaa of the Valley of the Wind
16%
35Yoshifumi KondoWhisper of the Heart
16%
22Jonas Poher RasmussenFlee
13%
88Chris Sanders
Dean DeBlois
Lilo and Stitch
13%
15Adam ElliotMary and Max
13%
82Simon Wells
Steve Hickner
Brenda Chapman
The Prince of Egypt
13%
25Tomm Moore
Ross Stewart
Wolfwalkers
13%
60Shinichiro WatanabeCowboy Bebop, The Movie
10%
73Rene LalouxFantastic Planet
10%
6Don HertzfeldtIt's Such a Beautiful Day
10%
14Dean Fleischer CampMarcell the Shell with Shoes on
10%
33Joel CrawfordPuss in Boots, The Last Wish
10%
48Mamoru HosodaWolf Children
10%
78Bruce Timm
Eric Radomski
Batman, Mask of the Phantasm
6%
42Sergio PablosKlaus
6%
31Masaaki YuasaMind Game
6%
67Takeshi KoikeRedline
6%
27Tomm MooreSong of the Sea
6%
28Marcell JankovicsSon of the White Mare
6%
87Sylvain ChometThe Triplets of Belleville
6%
70Ari FolmanWaltz with Bashir
6%
37Mamoru OshiiAngel's Egg
3%
45Michel OcelotAzur and Asmar, The Princes Quest
3%
52Stephane Aubier
Vincent Patar
Benjamin Renner
Ernest and Celestine
3%
90Hayao MiyazakiLupin the Third, The Castle of Cagliostro
3%
34Claude BarrasMy Life as a Zucchini
3%
30Masaaki YuasaNight is Short, Walk on Girl
3%
64Nora TwomeyThe Breadwinner
3%
24Takehiko InoueThe First Slam Dunk
3%
95Stephane Aubier
Vincent Patar
A Town Called Panic
0%
100Jonni PeppersBarber Westchester
0%
68Yuzuru TachikawaBlue Giant
0%
61Shouko NakamuraClassmates
0%
86Guillermo Del Toro
Mark Gustafson
Guillermo Del Toro's Pinocchio
0%
44Justin TomchukInterface
0%
40Kazuhisa Takenouchi
Daisuke Nishio
Bernard Deyries
Hirotoshi Rissen
Interstella 5555, The 5tory of the 5ecret 5ystem
0%
66Sunao KatabuchiIn this Corner of the World
0%
71Tatsuya Oishi
Akiyuki Simbo
Kizumonogatari Part 2: Nekketsu
0%
19Tatsuya Oishi
Akiyuki Simbo
Kizumonogatari Part 3: Reiketsu
0%
89Naoko YamadaLiz and the Blue Bird
0%
96Dorota Kobiela
Hugh Welchman
Loving Vincent
0%
84Anca DamianMarona's Fantastic Tale
0%
97Kenji IwaisawaOn-Gaku, Our Sound
0%
69Michel OcelotPrinces and Princesses
0%
79Pablo BergerRobot Dreams
0%
75Michael AriasTekkonkinkreet
0%
92Lotte ReinigerThe Adventures of Prince Achmed
0%
50Jonni PhillipsThe Final Exit of the Disciples of Ascenia
0%
46Takayuki HiraoThe Garden of Sinners, Paradox Spiral
0%
94Jiri BartaThe Pied Piper
0%
81Patrick ImbertThe Summit of the Gods
0%
47Marcell JankovicsThe Tragedy of Man
0%
49Cristobal Leon
Joaquin Cocina
The Wolf House
0%
76Keith MaitlandTower
0%
83Albert BirneyTux and Fanny
0%
74Yoshiaki KawajiriVampire Hunter D: Bloodlust
0%

Score Distribution

Percentile by Number Answered

Percent of People with Each Score

Your Score History

You have not taken this quiz since the last reset